[Event "US Open-120"]
[Site "Orlando"]
[Date "2019.08.07"]
[Round "2"]
[White "Nyzhnyk, Illya"]
[Black "Jie, Tianhui"]
[Result "1-0"]
[WhiteElo "2666"]
[BlackElo "1902"]
[PlyCount "67"]
[EventDate "2019.08.03"]
[EventType "swiss"]
[EventRounds "9"]
[EventCountry "USA"]
[SourceTitle "CBM 191 Extra"]
[Source "ChessBase"]
[SourceDate "2019.09.30"]
[SourceVersion "1"]
[SourceVersionDate "2019.09.30"]
[SourceQuality "1"]

1. c4 Nf6 2. Nc3 e6 3. Nf3 c5 4. e3 Be7 5. d4 cxd4 6. exd4 d5 7. Bd3 0-0 8. 0-0 b6 9. cxd5 Nxd5 10. Nxd5 exd5 11. Qc2 h6 12. Bf4 Bd6 13. Bxd6 Qxd6 14. Rfc1 Be6 15. Qc7 Qxc7 16. Rxc7 Nd7 17. Rac1 a6 18. h3 Rfb8 19. R1c6 Nf8 20. Ne5 b5 21. f4 Rc8 22. f5 Rxc7 23. Rxc7 f6 24. fxe6 Nxe6 25. Re7 Nf4 26. g3 Nxh3+ 27. Kg2 fxe5 28. Kxh3 e4 29. Bc2 Kf8 30. Re5 Rc8 31. Bb3 Rc1 32. Bxd5 Rc2 33. Bxe4 Rxb2 34. Bg6 1-0

[Event "North American-ch U20 Girls"]
[Site "Charlotte"]
[Date "2019.06.29"]
[Round "7"]
[White "Jie, Tianhui"]
[Black "Cui, Cynthia"]
[Result "1-0"]
[WhiteElo "1920"]
[BlackElo "1775"]
[PlyCount "117"]
[EventDate "2019.06.26"]
[EventType "swiss"]
[EventRounds "9"]
[EventCountry "USA"]
[SourceTitle "CBM 191 Extra"]
[Source "ChessBase"]
[SourceDate "2019.09.30"]
[SourceVersion "1"]
[SourceVersionDate "2019.09.30"]
[SourceQuality "1"]

1. d4 e6 2. c4 Nf6 3. Nf3 b6 4. g3 Be7 5. Bg2 Bb7 6. 0-0 0-0 7. Nc3 Na6 8. a3 Ne4 9. Qc2 Nxc3 10. Qxc3 c5 11. Qd3 cxd4 12. b4 Qc8 13. Bb2 Bf6 14. Bxd4 Bxd4 15. Qxd4 d5 16. Rac1 dxc4 17. Rxc4 Qd8 18. Ne5 Qxd4 19. Rxd4 Bxg2 20. Kxg2 Nc7 21. Rd7 Nb5 22. a4 Nc3 23. Rc1 Nd5 24. b5 h6 25. Rb7 f5 26. Rc6 Rfe8 27. Rd6 Reb8 28. Rbd7 a6 29. Rxe6 Nf6 30. Rdd6 axb5 31. axb5 Ra5 32. Rxb6 Rxb5 33. Rxb8+ Rxb8 34. Nc6 Rb5 35. f3 Kh7 36. Re7 Rd5 37. Nb4 Rb5 38. Nd3 Ra5 39. Nf4 Nd5 40. Re5 Nxf4+ 41. gxf4 Ra2 42. Kg3 Kg6 43. e4 fxe4 44. fxe4 Kf6 45. h4 Re2 46. Kf3 Re1 47. Kf2 Rh1 48. h5 Rh4 49. Kg3 Rh1 50. Ra5 Rg1+ 51. Kf2 Rg4 52. Kf3 Rh4 53. Kg3 Rh1 54. Ra6+ Kf7 55. Kg4 Rg1+ 56. Kf5 Rh1 57. Ra7+ Kg8 58. e5 Rxh5+ 59. Kg6 1-0

[Event "Wch U18 Girls"]
[Site "Porto Carras"]
[Date "2018.10.30"]
[Round "11.14"]
[White "Rozman, Monika"]
[Black "Jie, Tianhui"]
[Result "1/2-1/2"]
[WhiteElo "2141"]
[BlackElo "1849"]
[PlyCount "85"]
[EventDate "2018.10.20"]
[EventType "swiss"]
[EventRounds "11"]
[EventCountry "GRE"]
[SourceTitle "CBM 187 Extra"]
[Source "ChessBase"]
[SourceDate "2018.11.04"]
[SourceVersion "1"]
[SourceVersionDate "2018.11.04"]
[SourceQuality "1"]

1. e4 e5 2. Nf3 Nc6 3. Bc4 Be7 4. d3 Nf6 5. 0-0 0-0 6. Re1 d6 7. c3 Na5 8. Bb5 a6 9. Ba4 b5 10. Bc2 c5 11. Nbd2 Re8 12. Nf1 Be6 13. h3 h6 14. Ng3 Nc6 15. Be3 d5 16. d4 dxe4 17. Nxe5 Qc7 18. Nxc6 Qxc6 19. dxc5 Rad8 20. Qb1 Bxc5 21. Nxe4 Be7 22. Nxf6+ Bxf6 23. Bb3 Bg5 24. Bxg5 hxg5 25. Bxe6 Rxe6 26. Qc2 Rde8 27. Qd2 Qc4 28. Rxe6 Rxe6 29. b3 Qe2 30. Rd1 g4 31. Qxe2 Rxe2 32. a4 Rc2 33. Rd3 gxh3 34. axb5 Rc1+ 35. Kh2 hxg2 36. Kxg2 axb5 37. Kf3 Rc2 38. Ke3 Kf8 39. f3 Ke7 40. Ke4 Ke6 41. Re3 Rb2 42. Kd4+ Kd6 43. c4 1/2-1/2

[Event "Wch U18 Girls"]
[Site "Porto Carras"]
[Date "2018.10.29"]
[Round "10.23"]
[White "Jie, Tianhui"]
[Black "Golsta, Madara"]
[Result "1-0"]
[WhiteElo "1849"]
[BlackElo "1938"]
[PlyCount "83"]
[EventDate "2018.10.20"]
[EventType "swiss"]
[EventRounds "11"]
[EventCountry "GRE"]
[SourceTitle "CBM 187 Extra"]
[Source "ChessBase"]
[SourceDate "2018.11.04"]
[SourceVersion "1"]
[SourceVersionDate "2018.11.04"]
[SourceQuality "1"]

1. d4 Nf6 2. c4 g6 3. Nc3 Bg7 4. e4 d6 5. Nf3 0-0 6. Be2 Na6 7. 0-0 e5 8. Be3 Ng4 9. Bg5 f6 10. Bc1 Nh6 11. dxe5 fxe5 12. Be3 Nf7 13. Qd2 c6 14. Rad1 Nc7 15. Ng5 Ne6 16. Nxf7 Kxf7 17. c5 dxc5 18. Qxd8 Rxd8 19. Rxd8 Nxd8 20. Bxc5 Bf8 21. Be3 Ne6 22. Bc4 Kg7 23. Rd1 b5 24. Nxb5 cxb5 25. Bd5 Bb7 26. Bxb7 Rd8 27. Rxd8 Nxd8 28. Ba6 b4 29. Bxa7 Nc6 30. Be3 Kf6 31. Bc4 h6 32. Bc1 g5 33. a4 Na5 34. Bd5 Bc5 35. Kf1 Bd4 36. Ke2 Ke7 37. Bd2 Bc5 38. g3 Kf6 39. f4 gxf4 40. gxf4 h5 41. Kf3 exf4 42. Bxf4 1-0

[Event "Wch U18 Girls"]
[Site "Porto Carras"]
[Date "2018.10.23"]
[Round "5"]
[White "Sevilla, Julia"]
[Black "Jie, Tianhui"]
[Result "1/2-1/2"]
[WhiteElo "1947"]
[BlackElo "1849"]
[PlyCount "112"]
[EventDate "2018.10.20"]
[EventType "swiss"]
[EventRounds "11"]
[EventCountry "GRE"]
[SourceTitle "CBM 187 Extra"]
[Source "ChessBase"]
[SourceDate "2018.11.04"]
[SourceVersion "1"]
[SourceVersionDate "2018.11.04"]
[SourceQuality "1"]

1. d4 Nf6 2. c4 e6 3. g3 Bb4+ 4. Bd2 Bxd2+ 5. Nxd2 0-0 6. Bg2 d6 7. Ngf3 Nc6 8. 0-0 e5 9. d5 Nb8 10. e4 a5 11. b3 Na6 12. a3 Bd7 13. Qc2 c6 14. dxc6 bxc6 15. Ne1 Qe7 16. Nd3 Rfc8 17. Rfe1 Ne8 18. c5 Nxc5 19. Nxc5 dxc5 20. a4 f6 21. Rac1 Nc7 22. Bf1 Kh8 23. Qxc5 Qxc5 24. Rxc5 Ne6 25. Rc3 Nd4 26. Nf3 Be6 27. Nxd4 exd4 28. Rd3 c5 29. Rf3 c4 30. bxc4 Bxc4 31. e5 Bxf1 32. Kxf1 fxe5 33. Rxe5 h6 34. Rff5 Rc4 35. Rxa5 Rxa4 36. Rxa8+ Rxa8 37. Rd5 Ra4 38. Ke2 Ra2+ 39. Kf3 Rd2 40. Rf5 Kh7 41. h4 g6 42. Rf7+ Kg8 43. Rd7 Kh8 44. Kg2 Rd1 45. Kf3 Rd2 46. Rf7 Kg8 47. Re7 Kh8 48. Re2 Rd1 49. Ra2 Kg7 50. Ke2 Rb1 51. Kd3 Rd1+ 52. Ke4 Kf6 53. Ra6+ Kf7 54. Rd6 Rd2 55. f3 Rg2 56. g4 Rh2 1/2-1/2

[Event "Wch U16 Girls"]
[Site "Khanty-Mansiysk"]
[Date "2016.09.24"]
[Round "3"]
[White "Jie, Tianhui"]
[Black "Sieber, Fiona"]
[Result "1-0"]
[WhiteElo "1914"]
[BlackElo "2268"]
[PlyCount "77"]
[EventDate "2016.09.22"]
[EventType "swiss"]
[EventRounds "11"]
[EventCountry "RUS"]
[SourceTitle "EXT 2017"]
[Source "ChessBase"]
[SourceDate "2016.10.25"]
[SourceVersion "1"]
[SourceVersionDate "2016.10.25"]
[SourceQuality "1"]

1. d4 Nf6 2. c4 e6 3. Nf3 b6 4. g3 Ba6 5. Nbd2 Bb4 6. Qc2 Bb7 7. Bg2 Be4 8. Qa4 Bxd2+ 9. Bxd2 c5 10. 0-0 Nc6 11. dxc5 bxc5 12. Be3 Qb6 13. Qb5 d6 14. Rfd1 Ke7 15. Bf4 e5 16. Qxb6 axb6 17. Bg5 Rhd8 18. Nh4 Bxg2 19. Kxg2 Ke6 20. g4 g6 21. h3 Rd7 22. f3 Ng8 23. f4 Rda7 24. f5+ Kd7 25. a3 Nd4 26. Nf3 f6 27. Nxd4 exd4 28. Bf4 gxf5 29. e3 fxg4 30. hxg4 Ra4 31. Rac1 Re8 32. Kf3 Kc6 33. exd4 Raa8 34. dxc5 dxc5 35. Rd6+ Kb7 36. Rd7+ Ka6 37. Rcd1 Ne7 38. b4 Rac8 39. b5+ 1-0

[Event "Wch U14 Girls"]
[Site "Porto Carras"]
[Date "2015.11.01"]
[Round "7"]
[White "Jie, Tianhui"]
[Black "Wang, Annie"]
[Result "1/2-1/2"]
[WhiteElo "1792"]
[BlackElo "2087"]
[PlyCount "193"]
[EventDate "2015.10.25"]
[EventType "swiss"]
[EventRounds "11"]
[EventCountry "GRE"]
[SourceTitle "CBM 169 Extra"]
[Source "ChessBase"]
[SourceDate "2015.12.18"]
[SourceVersion "1"]
[SourceVersionDate "2015.12.18"]
[SourceQuality "1"]

1. d4 Nf6 2. c4 e6 3. Nf3 d5 4. Nc3 Be7 5. Bf4 0-0 6. e3 b6 7. Qc2 c6 8. cxd5 Nxd5 9. Nxd5 exd5 10. Bd3 Bb4+ 11. Nd2 h6 12. 0-0 Bb7 13. Nf3 Nd7 14. a3 Be7 15. Ne5 Nxe5 16. Bxe5 Bd6 17. Bxd6 Qxd6 18. b4 Bc8 19. Rfc1 Bd7 20. Rab1 f5 21. Qb3 Kh8 22. g3 Rac8 23. Bf1 Qe6 24. Bg2 a6 25. a4 Qd6 26. Qd3 Ra8 27. Qb3 Be6 28. Rc3 Rfb8 29. Qc2 Bd7 30. Qd2 a5 31. Rcb3 axb4 32. Rxb4 b5 33. axb5 cxb5 34. Bf1 Ra5 35. Qb2 Qa6 36. Qb3 Qa8 37. Bg2 Bc6 38. Qc2 Ra2 39. R4b2 Rxb2 40. Rxb2 Bd7 41. Qb3 Be6 42. Qb4 Qc6 43. Rb1 Qa6 44. Bf1 Bd7 45. Qe7 Qb7 46. Qb4 Kh7 47. Bd3 Kh8 48. Rc1 Rc8 49. Rb1 Ra8 50. Qc5 Rc8 51. Qb4 Rb8 52. Rc1 Rc8 53. Rb1 Ra8 54. Qd6 Rb8 55. Qb4 Qc8 56. Qb3 Qc6 57. Qb4 Kg8 58. Kg2 Qc7 59. Rb2 Rb7 60. Rc2 Qb8 61. Qb3 Qd6 62. Rc5 b4 63. h4 Kh8 64. Kh2 Be6 65. Qa4 Qb8 66. Bb5 b3 67. Qxb3 Bd7 68. Qxd5 Bxb5 69. Qxf5 Bd7 70. Qf3 Be8 71. e4 Bg6 72. e5 Rf7 73. Qe2 Qf8 74. f4 Rf5 75. Qb2 Qd8 76. d5 Kh7 77. d6 Rf7 78. Rb5 Ra7 79. Rb7 Rxb7 80. Qxb7 Bf5 81. Qd5 Qc8 82. Qd2 Qc6 83. Qe2 Qd7 84. Kg2 Be6 85. Qd3+ Kg8 86. Kf2 Qf7 87. Qf3 Qf5 88. Ke3 h5 89. Qa8+ Kf7 90. Qb7+ Bd7 91. Kd4 Qg4 92. Kc5 Kg6 93. Qe4+ Bf5 94. Qe3 Be6 95. Qd3+ Kh6 96. Kc6 Bf5 97. Qe3 1/2-1/2